Jednotná patentová ochrana v Európe
Dôvody zavedenia jednotného patentového systému, ktorý by mal začať platiť od roku 2014. Zjednodušenie a uľahčenie výskumno-vývojovej činnosti spoločností. Nový patentový systém bude zastrešovať krajiny Európskej únie.
Enregistré dans:
| Auteur principal: | |
|---|---|
| Autres auteurs: | |
| Format: | Chapitre de livre |
| Langue: | slovaque |
| Sujets: | |
| Tags: |
Pas de tags, Soyez le premier à ajouter un tag!
|
MARC
| LEADER | 00000nla a2200000 4500 | ||
|---|---|---|---|
| 001 | 0163576 | ||
| 005 | 20240502072837.9 | ||
| 041 | 0 | |a slo | |
| 044 | |a SK | ||
| 245 | 1 | 0 | |a Jednotná patentová ochrana v Európe |c Klaudia Gubová, Brigita Boorová |
| 520 | |a Dôvody zavedenia jednotného patentového systému, ktorý by mal začať platiť od roku 2014. Zjednodušenie a uľahčenie výskumno-vývojovej činnosti spoločností. Nový patentový systém bude zastrešovať krajiny Európskej únie. | ||
| 610 | 2 | 0 | |a patenty |
| 610 | 2 | 0 | |a právo patentové |
| 610 | 2 | 0 | |a právo priemyselné |
| 610 | 2 | 0 | |a vlastníctvo priemyselné |
| 610 | 2 | 0 | |a ochrana informácií |
| 610 | 2 | 0 | |a úrady patentové |
| 610 | 2 | 0 | |a Európska únia |
| 100 | 1 | |a Gubová, Klaudia, 1986- | |
| 700 | 1 | |a Boorová, Brigita, 1979- | |